00849nam a2200241Ia 4500001000700000003000500007008004100012010001100053020001800064040000900082082001200091100003000103245017100133260005500304300001800359500006700377503001700444650002500461700002700486700003100513700002900544700003400573Z_2485CHAP220113s9999 xx 000 0 und d a165542 a968-50-0035-2 cCHAP a547 M67 aMorrison, Robert Thornton aQuímica orgánica /cRobert Thornton Morrison y Robert Neilson Boyd ; vers. en español Peter Fiedler ; colaboración Gabriel Siade B. y Pelayo Camps García aMéxico :bFondo Educativo Interamericano,c  aVIII, 1291 p. aTraducción de la obra en inglés: Organic chemistry de 1973 aej.1: 126846 aQuímica orgánica a Fiedler, Peter, tr.  a Camps Garcia, Pelayo, tr. a Siade B., Gabriel, tr.  aBoyd, Robert Neilson, coaut.